Public policy and program evaluation

Salvato in:
Dettagli Bibliografici
Autore principale: Vedung, Evert
Natura: Libro
Lingua:inglese
Pubblicazione: New Brunswick Transaction Publishers 2009
Soggetti:
Tags: Aggiungi Tag
Nessun Tag, puoi essere il primo ad aggiungerne!!

MARC

LEADER 00000nam a2200000 4500
001 0177239
005 20240306135926.1
020 |a 0-7658-0687-8 
020 |a 978-0-7658-0687-1 
041 0 |a eng 
044 |a US 
245 1 0 |a Public policy and program evaluation  |c Evert Vedung 
264 1 |a New Brunswick  |b Transaction Publishers  |c 2009 
300 |a 336 s. 
610 2 0 |a politika verejná 
610 2 0 |a modely 
610 2 0 |a intervencie 
610 2 0 |a väzba spätná 
610 2 0 |a riadenie 
610 2 0 |a kontrola 
610 2 0 |a rozhodovanie 
100 1 |a Vedung, Evert